Normal view
MARC view
- DESKTOP PUBLISHING USING PAGE MAKER FOR MACINTOSH 6.0
Entry Topical Term
001 - CONTROL NUMBER
- control field: 79720
003 - CONTROL NUMBER IDENTIFIER
- control field: NUST
005 - DATE AND TIME OF LATEST TRANSACTION
- control field: 20210628210518.0
008 - FIXED-LENGTH DATA ELEMENTS
- fixed length control field: 210628|| aca||aabn | a|a d
040 ## - CATALOGING SOURCE
- Original cataloging agency: NUST
- Transcribing agency: NUST
150 ## - HEADING--TOPICAL TERM
- Topical term or geographic name entry element: DESKTOP PUBLISHING USING PAGE MAKER FOR MACINTOSH 6.0
670 ## - SOURCE DATA FOUND
- Source citation: Work cat.: (NUST): Bradley, Floyd Tuttmon Sherman, Nancy 79719, Desktop publishing using page maker for macintosh 6.0, 1997
